Crisis de la Psicología /

Gardado en:
Detalles Bibliográficos
Autor Principal: Bühler, Karl (autor)
Formato: Libro
Idioma:Lingua castelá
Temas:
Etiquetas: Engadir etiqueta
Sen Etiquetas, Sexa o primeiro en etiquetar este rexistro!

MARC

LEADER 00000nam^a2200000^a^4500
001 000028816
005 20250521000000.0
009 20260310084901.171
037 |a Acervo ITESO - Biblioteca 
041 |a ESP 
082 |a 150. 1  |b BUH 
100 |a Bühler, Karl  |e (autor) 
245 1 0 |a Crisis de la Psicología /  |c K. Bühler.; pról. de H. Rohracher y A. Alvarez Villar; tr. por: A. Guera. 
264 |a Madrid, España :  |b Morata,  |c 1966 
300 |a 253 p. 
336 |a texto  |b txt  |2 rdacontenido 
337 |a sin mediación  |b n  |2 rdamedio 
338 |a volumen  |b nc  |2 rdasoporte 
500 |a Traducción de: Die Krise Der Psychologie 
649 |a XX 
650 |a Psicología -  |x Historia 
910 |a Fondo General 
920 |a Impresos - Libros 
930 |a Colección General 
905 |a 101 
901 |a 0288160100  |b IT1  |c ACC  |i 028816  |u 20250521 
902 |a https://opac.biblio.iteso.mx/vufind/Record/000028816